| 000 | 00441nam a2200193Ia 4500 | ||
|---|---|---|---|
| 005 | 20250603144627.0 | ||
| 008 | 250603s9999 xx 000 0 und d | ||
| 020 | _a9781259255366 | ||
| 050 | _aRJ 48.2 .T69/ | ||
| 100 | _aToy C. Eugene | ||
| 245 | 0 | _aCase files: Pediatrics | |
| 250 | _a5th ed. | ||
| 260 | _aNew York | ||
| 260 | _bLange Medical Books | ||
| 260 | _c2016 | ||
| 300 | _a550 p | ||
| 650 | _aNew York | ||
| 942 | _cBK | ||
| 999 |
_c39478 _d39478 |
||